| LEADER 00000nam 2200000uu 4500 |
| 001 211464 |
| 003 ULIBM |
| 008 020711s2559 th a 000 0 tha d |
| 020 9786162798214
|
| 041 ^atha
|
| 050 4 HQ1064.T5 ป233 2559
|
| 245 ประชากรและสังคม 2559 : ประเทศไทยกับศตวรรษแห่งการย้ายถิ่นข้ามชาติ=^bThailand in the era of transnational migration/^cบรรณาธิการ สุรีย์พร พันพึ่ง, จรัมพร โห้ลำยอง, ศุทธิดา ชวนวัน
|
| 246 31 ^aThailand in the era of transnational migration
|
| 260 นครปฐม :^bสถาบันวิจัยประชากรและสังคม มหาวิทยาลัยมหิดล,^c2559
|
| 300 191 หน้า :^bภาพประกอบ ;^c29 ซม.
|
| 500 ^aเอกสารทางวิชาการ/สถาบันวิจัยประชากรและสังคม มหาวิทยาลัยมหิดล ;^vหมายเลข 455
|
| 650 4 ประชากร
|
| 650 4 ^aประชากร^xไทย
|
| 650 4 ^aประชากร^xแง่สังคม
|
| 650 4 ^aการย้ายถิ่นของแรงงาน
|
| 650 4 ^aแรงงานต่างด้าว
|
| 650 4 ^aการย้ายถิ่น
|
| 700 0 ^aสุรีย์พร พันพึ่ง,^eบรรณาธิการ
|
| 700 0 ^aจรัมพร โห้ลำยอง,^eบรรณาธิการ
|
| 700 0 ^aศุทธิดา ชวนวัน,^eบรรณาธิการ
|
| 710 2 ^aมหาวิทยาลัยมหิดล. สถาบันวิจัยประชากรและสังคม
|
| 999 ^aใช้งานได้ทุกระบบ
|